=LDR 00000nam 2200000 4500 =001 INLIS000000000009972 =005 20130612101724 =008 ***********************************Ind** =035 ##$$0010-061300000009972 =041 ##$$a Ind =082 ##$$a 658.401 =090 ##$$a 658.401, Ran a =100 ##$$a Rangkuti, Freddy =245 ##$$a Analisis SWOT teknik membedah kasus bianis, reorientasi konsep perencaan strategis untuk menghadapi abad 21, Freddy Rangkuti =260 ##$$a 2000 $b Jakarta =300 ##$$a xii, 188 hlm, 23 cm =650 ##$$a manajemen Eksekutif =850 ##$$a NBPNMAT =990 ##$$a 21195742/BPAP-NTB/2014 =990 ##$$a 0001/BPAP-NTB/2016 =990 ##$$a 0001/BPAP-NTB/2016 =990 ##$$a 0001/BPAP-NTB/2016 =990 ##$$a 0001/BPAP-NTB/2016